<?xml version="1.0" encoding="UTF-8"?>
<record
    xmlns:xsi="http://www.w3.org/2001/XMLSchema-instance"
    xsi:schemaLocation="http://www.loc.gov/MARC21/slim http://www.loc.gov/standards/marcxml/schema/MARC21slim.xsd"
    xmlns="http://www.loc.gov/MARC21/slim">

  <leader>00954cam a2200265 i 4500</leader>
  <controlfield tag="005">20260619143034.0</controlfield>
  <datafield tag="020" ind1=" " ind2=" ">
    <subfield code="a">9789354429620</subfield>
  </datafield>
  <datafield tag="020" ind1=" " ind2=" ">
    <subfield code="a">9354429629</subfield>
  </datafield>
  <datafield tag="082" ind1="0" ind2="4">
    <subfield code="a">320.954 JEN/D</subfield>
    <subfield code="2">23</subfield>
  </datafield>
  <datafield tag="245" ind1="0" ind2="0">
    <subfield code="a">Deconstructing India's democracy :</subfield>
    <subfield code="b">essays in honour of James Manor /</subfield>
    <subfield code="c">edited by Rob Jenkins and Louise Tillin.</subfield>
  </datafield>
  <datafield tag="260" ind1=" " ind2=" ">
    <subfield code="a">.- New Delhi</subfield>
    <subfield code="b">: Orient Blackswan Private Ltd.</subfield>
    <subfield code="c">, 2025</subfield>
  </datafield>
  <datafield tag="300" ind1=" " ind2=" ">
    <subfield code="a">xi, 364 pages :</subfield>
    <subfield code="b">illustrations (black and white) ;</subfield>
  </datafield>
  <datafield tag="500" ind1=" " ind2=" ">
    <subfield code="a">Contributed articles.</subfield>
  </datafield>
  <datafield tag="504" ind1=" " ind2=" ">
    <subfield code="a">Includes bibliographical references and index.</subfield>
  </datafield>
  <datafield tag="650" ind1=" " ind2="0">
    <subfield code="a">Political leadership</subfield>
    <subfield code="z">India.</subfield>
    <subfield code="9">16523</subfield>
  </datafield>
  <datafield tag="650" ind1=" " ind2="0">
    <subfield code="a">Identity politics</subfield>
    <subfield code="z">India.</subfield>
    <subfield code="9">16524</subfield>
  </datafield>
  <datafield tag="650" ind1=" " ind2="0">
    <subfield code="a">Democracy</subfield>
    <subfield code="z">India.</subfield>
    <subfield code="9">1372</subfield>
  </datafield>
  <datafield tag="650" ind1=" " ind2="0">
    <subfield code="a">Elections</subfield>
    <subfield code="z">India.</subfield>
    <subfield code="9">16525</subfield>
  </datafield>
  <datafield tag="650" ind1=" " ind2="6">
    <subfield code="a">Politique identitaire</subfield>
    <subfield code="z">Inde.</subfield>
    <subfield code="9">16526</subfield>
  </datafield>
  <datafield tag="650" ind1=" " ind2="6">
    <subfield code="a">&#xC9;lections</subfield>
    <subfield code="z">Inde.</subfield>
    <subfield code="9">16527</subfield>
  </datafield>
  <datafield tag="700" ind1="1" ind2=" ">
    <subfield code="a">Manor, James,</subfield>
    <subfield code="9">16528</subfield>
  </datafield>
  <datafield tag="700" ind1="1" ind2=" ">
    <subfield code="a">Jenkins, Rob</subfield>
    <subfield code="9">16529</subfield>
  </datafield>
  <datafield tag="700" ind1="1" ind2=" ">
    <subfield code="a">Tillin, Louise,</subfield>
    <subfield code="9">16530</subfield>
  </datafield>
  <datafield tag="942" ind1=" " ind2=" ">
    <subfield code="2">ddc</subfield>
    <subfield code="c">BK</subfield>
  </datafield>
  <datafield tag="999" ind1=" " ind2=" ">
    <subfield code="c">760806</subfield>
    <subfield code="d">760806</subfield>
  </datafield>
  <datafield tag="952" ind1=" " ind2=" ">
    <subfield code="0">0</subfield>
    <subfield code="1">0</subfield>
    <subfield code="2">ddc</subfield>
    <subfield code="4">0</subfield>
    <subfield code="7">0</subfield>
    <subfield code="a">POL</subfield>
    <subfield code="b">POL</subfield>
    <subfield code="d">2025-09-26</subfield>
    <subfield code="l">0</subfield>
    <subfield code="o">320.954 JEN/D</subfield>
    <subfield code="p">POL23842</subfield>
    <subfield code="r">2026-06-19 14:31:25</subfield>
    <subfield code="w">2026-06-19</subfield>
    <subfield code="y">BK</subfield>
  </datafield>
</record>
